[Event "Olympiad Women 2024"]
[Site "Budapest HUN"]
[Date "2024.09.16"]
[Round "6.11"]
[Board "4"]
[White "Schloffer, Jasmin-Denise"]
[Black "Peycheva, Gergana"]
[Result "1/2-1/2"]
[WhiteElo "2168"]
[BlackElo "2248"]
[PlyCount "179"]
[EventDate "2024.09.11"]
[WhiteTeam "Austria"]
[BlackTeam "Bulgaria"]
[WhiteTeamCountry "AUT"]
[BlackTeamCountry "BUL"]

1. d4 {Grivas,Efstratios} d5 2. c4 e6 3. Nc3 a6 4. cxd5 exd5 5. Bf4 Nf6 6. Bg5 ({RR} 6. e3 Bd6 7. Qf3 c5 ({RR} 7... Be6 8. Bd3 c5 9. Bxd6 Qxd6 10. dxc5 Qxc5 11. Qf4 Nc6 12. Nge2 Rd8 13. Rd1 O-O 14. O-O) 8. dxc5 Bxc5 9. Bg5 Nbd7 10. O-O-O Qa5 ({RR} 10... Be7 11. Nge2 Nb6 12. h3 O-O) 11. Nge2 ({RR} 11. Nxd5 Nxd5 12. Qxd5 O-O 13. Be7 Re8 14. Bd6) 11... O-O 12. Nd4 Bb4 13. Nb3 Qc7 14. Qf4 ({RR} 14. Bf4 Qc6 15. Nd4 Qc5 16. Nb3) 14... Qxf4 ({RR} 14... Bd6 15. Qh4 Ne4 ({RR} 15... Be5 16. Bf4 ({RR} 16. Kb1 Bxc3 17. Rc1 Ne4 18. Bd3 Nxg5 19. Qxg5 h6 20. Qe7 Qe5 21. Qa3 Bxb2 22. Qxb2 Qd6) 16... Bxf4 17. Qxf4 Qxf4 18. exf4 Nb6 19. f3) 16. Bd3 Ba3 17. Kb1 Nxc3+ 18. bxc3 h6 19. Be7 Bxe7 20. Qxe7 Qxc3) 15. Bxf4 Bxc3 16. bxc3 Ne4 17. Rxd5 Nxf2 18. Rg1 Nf6 19. Rd4 Bd7 20. Be2 Rac8 {1-0 Mamedyarov,S (2753)-Inarkiev,E (2680) Wch Rapid Khanty-Mansiysk 2013 (15)}) 6... Be7 $146 ({RR} 6... Be6 7. e3 Nbd7 8. Bd3 Bd6 9. f4 h6 10. Bh4 g5 11. fxg5 hxg5 12. Bxg5 Bg3+ 13. Kd2 Rxh2 14. Rxh2 Bxh2 15. Nf3 Bd6 16. Qh1 Qe7 17. Qh8+ Qf8 18. Bxf6 Nxf6 19. Qxf6 Be7 20. Qe5 O-O-O 21. Rh1 {1-0 Agibileg,U (2441)-Bendayan Claros,A (2271) Titled Tue 18th Jul Early 2023 (1)}) ({RR} 6... c6 7. e3 Bd6 8. Bd3 Be6 9. Qc2 Nbd7 10. Nge2 h6 11. Bh4 Qc7 12. Bg3 O-O 13. O-O Rfe8 14. Rae1 Rac8 15. f3 c5 16. dxc5 Nxc5 17. Bxd6 Qxd6 18. Nd4 Nxd3 19. Qxd3 Rc7 20. Rd1 Rce7 21. Rfe1 {1-0 Popov,R (1962)-Perea Fruet,F (2094) 32nd EY Open U14 2024 (7.25)}) 7. e3 h6 8. Bh4 O-O 9. Bd3 Bg4 10. f3 Bc8 11. Bf2 c5 12. Nge2 Nc6 13. O-O Re8 14. Qd2 b5 15. dxc5 Bxc5 16. Nd4 Ne5 17. Rad1 Qb6 18. b3 Bd7 19. Bb1 b4 20. Nce2 a5 21. Nf4 Nc6 22. Nfe2 a4 23. Nxc6 Bxc6 24. Nd4 Bd7 25. Rfe1 Re7 26. Qd3 Qa6 27. Bh4 Qxd3 28. Rxd3 g5 29. Bf2 axb3 30. Nxb3 Bb6 31. Nd4 Ree8 32. Rc1 Rec8 33. Re1 Rc4 34. Rd2 Rac8 35. Rb2 Rc1 36. Kf1 g4 37. Rxc1 Rxc1+ 38. Be1 gxf3 39. gxf3 Bc7 40. Bd3 Bh3+ 41. Ke2 Be5 42. Rxb4 Rc8 43. Bg3 Nd7 44. Nf5 Ra8 45. a4 Bxg3 46. hxg3 Nc5 47. Ne7+ Kf8 48. Nxd5 Nxa4 49. Rh4 Be6 50. Nc7 Ra5 51. Nxe6+ fxe6 52. Rxh6 Nc5 53. Bc4 Ke7 54. Kd2 Kd6 55. Rh4 Ra1 56. g4 Rg1 57. Rh2 Nd7 58. Bd3 Ra1 59. Rh6 Ne5 60. Be4 Nc4+ 61. Kd3 Ne5+ 62. Ke2 Ra2+ 63. Ke1 Ke7 64. Rh7+ Kf8 65. Rc7 Rg2 66. Kf1 Ra2 67. Rc5 Nd7 68. Rc2 Ra5 69. Kf2 Nf6 70. Rc4 Ke7 71. Kg3 Ra1 72. f4 Rg1+ 73. Bg2 Nxg4 74. Rc3 Nf6 75. Kf2 Ra1 76. Bf3 Ra4 77. Ke2 Ne4 78. Bxe4 Rxe4 79. Kd3 Ra4 80. Rc4 Ra1 81. Kd4 Rd1+ 82. Ke4 Kf6 83. Rc6 Ra1 84. Kf3 Ra3 85. Rb6 Ke7 86. Rb5 Kf6 87. Re5 Ra1 88. Ke4 Ra4+ 89. Kd3 Ra3+ 90. Ke4 1/2-1/2

[Event "Olympiad Women 2024"]
[Site "Budapest HUN"]
[Date "2024.09.16"]
[Round "6.12"]
[Board "1"]
[White "Daulyte-Cornette, Deimante"]
[Black "Mihok-Juhasz, Barbara"]
[Result "1-0"]
[WhiteElo "2369"]
[BlackElo "2193"]
[PlyCount "57"]
[EventDate "2024.09.11"]
[WhiteTeam "France"]
[BlackTeam "Hungary B"]
[WhiteTeamCountry "FRA"]

1. e4 c5 2. Nf3 e6 3. c3 d5 4. e5 d4 5. d3 Nc6 6. g3 Nge7 7. Bg2 Nd5 ({RR} 7... g6 8. O-O Bg7 9. Re1 O-O 10. c4 b6 11. Bf4 h6 12. h4 Bb7 13. Nbd2 Nf5 14. Ne4 Nb8 15. g4 Bxe4 16. Rxe4 Ne7 17. Re1 Nd7 18. Nd2 Rc8 19. Bg3 g5 20. h5 Qc7 21. Nf3 Nc6 22. Qe2 {0-1 Carlsen,M (2855)-Artemiev,V (2699) Meltwater Tour Final rapid 2021 (4.4)}) 8. O-O Be7 9. c4 Nc7 $146 ({RR} 9... Nb6 10. Re1 Bd7 11. Nbd2 Qc7 12. Ne4 h6 13. h4 f5 14. Nd6+ Bxd6 15. exd6 Qxd6 16. Bf4 Qe7 17. a3 O-O 18. Qd2 Rae8 19. Re2 Rf7 20. Rae1 Qd8 21. Bd6 Na4 22. Qc2 Bc8 23. Qxa4 Qxd6 24. Ne5 {1-0 Vokhidov,S (2596)-Andreev,K (2228) Titled Tue 20th Feb Early 2024 (2)}) 10. h4 f5 11. exf6 Bxf6 12. Bf4 O-O 13. Re1 Ne8 14. Nbd2 Nd6 15. Nb3 b6 16. Ng5 Bxg5 17. Bxc6 Bxf4 18. Bxa8 Bh6 19. Nd2 Bd7 20. Bg2 Qf6 21. Qe2 Bxd2 22. Qxd2 e5 23. a3 Bg4 24. b4 Bf3 25. Bxf3 Qxf3 26. Rxe5 Nf5 27. Qe2 Qc6 28. Re1 Qg6 29. Re8 1-0

[Event "Olympiad Women 2024"]
[Site "Budapest HUN"]
[Date "2024.09.16"]
[Round "6.12"]
[Board "2"]
[White "Lakos, Nikoletta"]
[Black "Milliet, Sophie"]
[Result "1/2-1/2"]
[WhiteElo "2192"]
[BlackElo "2348"]
[PlyCount "42"]
[EventDate "2024.09.11"]
[WhiteTeam "Hungary B"]
[BlackTeam "France"]
[BlackTeamCountry "FRA"]

1. e4 c5 2. Nf3 e6 3. g3 Nc6 4. Bg2 Nf6 5. Nc3 d6 6. d4 cxd4 7. Nxd4 Bd7 8. O-O Be7 9. h3 O-O 10. Kh2 ({RR} 10. g4 Nxd4 11. Qxd4 Bc6 12. Be3 a6 13. Rad1 Qc7 14. Qd2 b5 15. g5 Nd7 16. f4 Rfe8 17. e5 d5 18. Ne2 b4 19. Nd4 Rac8 20. h4 Bb7 21. h5 Bc5 22. Rf2 Bxd4 23. Bxd4 a5 24. c3 bxc3 {0-1 Vachier Lagrave,M (2716)-Tregubov,P (2646) EU-Cup 24th Kallithea 2008 (2)}) ({RR} 10. Nb3 Rc8 11. f4 b5 12. Be3 b4 13. Nb5 d5 14. e5 Ne4 15. Bxe4 dxe4 16. Nd6 Rb8 17. Nxe4 Qc7 18. Bc5 Rfd8 19. Bxe7 Nxe7 20. Nd6 Bc6 21. Qe2 Bd5 22. Qf2 Nc8 23. Nxc8 Rbxc8 24. Nd4 Ba8 {0-1 Skak,A (1969)-Assylov,M (2300) FIDE World Rapid Team 2024 (8.9)}) 10... Nxd4 11. Qxd4 Bc6 12. a4 $146 ({RR} 12. Be3 Qa5 13. f4 e5 14. Qd2 exf4 15. gxf4 Rfe8 16. Bd4 Qc7 17. Rae1 b5 18. a3 a5 19. Re3 Qb7 20. Rfe1 Bd8 21. Nd5 Bxd5 22. exd5 Rxe3 23. Rxe3 Bb6 24. Bxb6 Qxb6 25. Rb3 Rc8 26. Qd3 Rc5 {1-0 Puc,S-Stupica,J YUG-ch16 Zagreb 1961 (6)}) ({RR} 12. Be3 a6 13. Rad1 Rc8 14. f4 b5 15. a3 Qc7 16. Rf2 Qb7 17. Qb6 Qa8 18. Qa7 Qxa7 19. Bxa7 e5 20. fxe5 dxe5 21. Nd5 Bxd5 22. exd5 Bd6 23. Be3 Nd7 24. Bf1 Bc5 25. Bxc5 Nxc5 26. Re2 f6 {0-1 Popovic,M (2305)-Milovanovic,R (2430) Cetinje 1996}) 12... a6 13. a5 Rc8 14. Rd1 Nd7 15. Be3 Qc7 16. f4 Kh8 17. Qd2 Rcd8 18. Bd4 Bf6 19. Be3 Be7 20. Bd4 Bf6 21. Be3 Be7 1/2-1/2

[Event "Olympiad Women 2024"]
[Site "Budapest HUN"]
[Date "2024.09.16"]
[Round "6.12"]
[Board "3"]
[White "Guichard, Pauline"]
[Black "Karacsonyi, Kata"]
[Result "1-0"]
[WhiteElo "2374"]
[BlackElo "2233"]
[PlyCount "85"]
[EventDate "2024.09.11"]
[WhiteTeam "France"]
[BlackTeam "Hungary B"]
[WhiteTeamCountry "FRA"]

1. d4 {Edouard,Romain} Nf6 2. c4 e6 3. Nf3 d5 4. Nc3 dxc4 5. e4 b5 6. e5 Nd5 7. Nxb5 Nb6 8. a4 ({RR} 8. a3 Nc6 9. Be3 Na5 10. Qc2 a6 11. Nc3 Be7 12. Rd1 Bb7 13. Be2 Qd7 14. h4 Bc6 15. Rh3) ({RR} 8. Be2 Nc6 9. O-O Be7 10. Qd2 Qd7 11. Rd1 Bb7 12. Nc3 Nb4 13. Qf4 f5 14. exf6 gxf6 15. b3 cxb3 16. axb3) 8... Qd7 ({RR} 8... a5 9. Be2 Be7 10. O-O Nc6 11. Be3 Ba6 12. Nd2 O-O 13. Nxc4) ({RR} 8... Nc6 9. a5 Ba6 10. Na3 Bb4+ 11. Bd2 c3 12. bxc3 ({RR} 12. Bxa6) 12... Bxf1 13. axb6 Bxg2 14. Rg1 Bxf3 15. Qxf3 Nxd4 16. Qe4 axb6 17. cxb4 Qd5 18. Qxd5 exd5 19. Rg3) 9. Bd2 ({RR} 9. Be2 Nc6 10. O-O Na5 11. Ng5 ({RR} 11. Rb1 Bb7 12. b4 cxb3 13. Bd2 Nac4 14. Qxb3 Bd5 15. Qd1) 11... h6 ({RR} 11... Be7 12. Ne4 a6 13. Nc5 Qc6 ({RR} 13... Bxc5 14. dxc5 axb5 15. cxb6 cxb6 16. axb5) 14. Bf3 Nd5 15. Nc3) ({RR} 11... Nb3 12. d5 a6 ({RR} 12... Nxa1 13. dxe6 fxe6 14. Nxe6) 13. Nd4 ({RR} 13. dxe6 fxe6 14. Qxd7+ Kxd7 15. Rd1+ Nd5 16. Bxc4 Nxa1 17. Nxe6 axb5 18. Bxd5 Rxa4) 13... Nxd4 ({RR} 13... Nxa1 14. dxe6 fxe6 15. Bf3 Nd5 16. Bg4) 14. Qxd4 h6 15. a5 Nxd5 16. Ne4 Be7 17. Qxc4) ({RR} 11... Bb7 12. Bh5 g6 13. Bf3) 12. Ne4 Bb7 13. Nc5 Bxc5 14. dxc5 Nd5 15. Ra3 a6 ({RR} 15... O-O 16. Bxh6 gxh6 17. Rg3+ Kh8 18. Qd2 f5 19. exf6 Rxf6 20. Qxa5) 16. Nd4 Ne7 17. Qd2 ({RR} 17. Rg3 O-O-O 18. Be3) 17... Qd5 18. Rg3 Qxc5 19. b4 ({RR} 19. Qf4 Rg8 ({RR} 19... g6 20. b4 cxb3 21. Nxb3 Nxb3 22. Rxb3 Qd5 23. Rg3) ({RR} 19... Nd5 20. Qh4) ({RR} 19... O-O-O 20. Be3) 20. b4 cxb3 ({RR} 20... Qxb4 21. Bh5 g6 22. Ba3) 21. Nxb3 Nxb3 22. Rxb3 g5 23. Qe3 Qxe3 24. fxe3 Bc6 25. Bh5 Rg7 26. Rc3) ({RR} 19. Rxg7 O-O-O) 19... cxb3 20. Ba3 ({RR} 20. Nxb3 Nxb3 21. Rxb3 Qd5 22. Qxd5 Bxd5 23. Rc3) 20... Qxa3 21. Qxa5 Bd5 22. Rxg7 ({RR} 22. Qc3 Qa2) 22... c5 23. Bh5 cxd4 {0-1 Carlsen,M (2863)-Nakamura,H (2736) Carlsen Tour Final rapid 2020 (2.21)} {RR} 24. Bxf7+ Kf8) 9... Ba6 $146 ({RR} 9... a5 10. Rc1 Ba6 11. b3 c6 12. Nd6+ Bxd6 13. exd6 cxb3 14. Qxb3 Bxf1 15. Kxf1 Qa7 16. h4 Nd5 17. h5 O-O 18. Rh3 Rd8 19. Rg3 Kf8 20. Ne5 f6 21. Ng6+ hxg6 22. hxg6 Kg8 23. Rh3 Rxd6 24. Qg3 {1-0 Urazayev,A (2476)-Kovac,P (2267) Serbia Open 2024 (8.29)}) ({RR} 9... a6 10. Na3 Bxa3 11. Rxa3 a5 12. b3 cxb3 13. Bb5 c6 14. Bd3 Ba6 15. Qxb3 Bxd3 16. Qxd3 Qd5 17. O-O N8d7 18. Rc1 h6 19. Qc2 O-O 20. Qxc6 Rfc8 21. Qxd5 Rxc1+ 22. Bxc1 Nxd5 23. Bd2 N7b6 24. h4 {½-½ Aradhya,G (2392)-Mayank,C (2383) Elegant GM Aspirant 2 2024 (4.1)}) 10. b3 cxb3 11. Qxb3 c6 12. Nd6+ Bxd6 13. exd6 Qxd6 14. Bxa6 Nxa6 15. O-O O-O 16. Rfc1 Nd7 17. Rc4 Qd5 18. Qc2 c5 19. dxc5 Ndxc5 20. Be3 Nb7 21. Rd1 Qf5 22. Qb2 Rab8 23. Rf4 Qa5 24. Rg4 f6 25. Bh6 Rf7 26. Rxg7+ Rxg7 27. Bxg7 Rd8 28. Rxd8+ Qxd8 29. h4 Kxg7 30. Qxb7+ Nc7 31. Qxa7 Qd1+ 32. Kh2 Qd6+ 33. g3 Kg6 34. Qb8 Kg7 35. Kg2 Qc6 36. Qc8 e5 37. a5 Kg6 38. Qg8+ Kh6 39. g4 Ne6 40. Kg3 Qd7 41. g5+ Kh5 42. gxf6 e4 43. Ne5 1-0

[Event "Olympiad Women 2024"]
[Site "Budapest HUN"]
[Date "2024.09.16"]
[Round "6.12"]
[Board "4"]
[White "Demeter, Dorina"]
[Black "Hejazipour, Mitra"]
[Result "0-1"]
[WhiteElo "2199"]
[BlackElo "2327"]
[PlyCount "118"]
[EventDate "2024.09.11"]
[WhiteTeam "Hungary B"]
[BlackTeam "France"]
[BlackTeamCountry "FRA"]

1. Nf3 f5 2. d4 Nf6 3. c4 g6 4. g3 Bg7 5. Bg2 O-O 6. O-O d6 7. b3 c6 8. Bb2 Na6 9. Nbd2 h6 10. a3 Qe8 11. Re1 g5 12. Qc2 Nc7 $146 ({RR} 12... Qf7 13. e3 Bd7 14. Re2 Rae8 15. e4 f4 16. gxf4 Nh5 17. fxg5 Nf4 18. Re3 Nxg2 19. Kxg2 hxg5 20. Nf1 g4 21. Ne1 Bh6 22. Re2 Qh5 23. Bc1 Bf4 24. Bxf4 Rxf4 25. Qd3 Ref8 26. Raa2 d5 27. Ng3 {1-0 Luecke,T (1801)-Rosing,H (1948) Muensterland Verbandsliga 1516 2015 (9.2)}) 13. e4 fxe4 14. Nxe4 Qg6 15. Nxf6+ Qxf6 16. Re3 Rf7 17. Rae1 Bg4 18. Bc3 e6 19. h3 Qf5 20. Qxf5 Bxf5 21. Nd2 d5 22. Nf3 a5 23. a4 Bc2 24. Bd2 Be4 25. Ne5 Bxe5 26. dxe5 Bxg2 27. Kxg2 b6 28. Rd3 c5 29. f4 gxf4 30. gxf4 Rg7+ 31. Rg3 Rxg3+ 32. Kxg3 dxc4 33. bxc4 Rd8 34. Be3 Rd3 35. Kf3 Na6 36. f5 exf5 37. Kf4 Kf7 38. Kxf5 Nc7 39. Bxh6 Ne6 40. Rf1 Rd4 41. Rb1 Rh4 42. Bc1 Rxc4 43. Be3 Ng7+ 44. Kg5 Re4 45. Rf1+ Ke7 46. Kg6 Rxe3 47. Kxg7 Rg3+ 48. Kh6 Rxh3+ 49. Kg5 Ke6 50. Rf6+ Kxe5 51. Rxb6 Rg3+ 52. Kh4 Ra3 53. Rb5 Rxa4+ 54. Kg3 Kd4 55. Kf3 Ra1 56. Ke2 a4 57. Kd2 a3 58. Kc2 a2 59. Ra5 Rh1 0-1

[Event "Olympiad Women 2024"]
[Site "Budapest HUN"]
[Date "2024.09.16"]
[Round "6.13"]
[Board "1"]
[White "Roebers, Eline"]
[Black "Khamdamova, Afruza"]
[Result "1/2-1/2"]
[WhiteElo "2340"]
[BlackElo "2313"]
[PlyCount "97"]
[EventDate "2024.09.11"]
[WhiteTeam "Netherlands"]
[BlackTeam "Uzbekistan"]
[WhiteTeamCountry "NED"]
[BlackTeamCountry "UZB"]

1. e4 e5 2. Nc3 Nf6 3. f4 d5 4. fxe5 Nxe4 5. Qf3 Nxc3 6. dxc3 Be6 7. Bf4 c6 8. O-O-O Nd7 9. Qg3 h6 10. h4 Qa5 11. Kb1 O-O-O 12. Nf3 c5 13. Be2 g6 $146 ({RR} 13... Nb6 14. Bd2 Qa4 15. Bc1 Be7 16. h5 Rhg8 17. Bd3 Qg4 18. Qxg4 Bxg4 19. Rde1 Rde8 20. Nh4 Nd7 21. c4 Bxh4 22. Rxh4 Be6 23. cxd5 Bxd5 24. Bh7 Rh8 25. Bf5 Be6 26. Bd3 Rhg8 27. b3 Bd5 28. Bh7 {1-0 Belenkaya,D (2322)-Levitan,R (2150) TCh-ISR Women 2023 (4.1)}) 14. Nd2 Qc7 15. Rhe1 Bg7 16. Bg4 Rhe8 17. Nb3 Qc6 18. Bf3 Nb6 19. Qf2 Bf8 20. Qe3 Nc4 21. Qc1 h5 22. Nd2 Nxd2+ 23. Rxd2 Qb6 24. Be2 Be7 25. g3 d4 26. c4 Rd7 27. Bd3 Qa6 28. b3 Bd8 29. Rf2 Bc7 30. Bd2 Kb8 31. c3 Ba5 32. cxd4 Rxd4 33. Bc2 Red8 34. Bxa5 Qxa5 35. Re4 R4d7 36. Qe1 Qc7 37. Re3 Bf5 38. Kb2 Bxc2 39. Rxc2 Rd1 40. Qf2 Qe7 41. Qf4 R8d4 42. Re4 Rxe4 43. Qxe4 Rd4 44. Qe3 a6 45. Rf2 f5 46. Rf4 Rd8 47. Rf2 Rd4 48. Rf4 Rd8 49. Rf2 1/2-1/2

[Event "Olympiad Women 2024"]
[Site "Budapest HUN"]
[Date "2024.09.16"]
[Round "6.13"]
[Board "2"]
[White "Yakubbaeva, Nilufar"]
[Black "Peng, Zhaoqin"]
[Result "1/2-1/2"]
[WhiteElo "2248"]
[BlackElo "2349"]
[PlyCount "70"]
[EventDate "2024.09.11"]
[WhiteTeam "Uzbekistan"]
[BlackTeam "Netherlands"]
[WhiteTeamCountry "UZB"]
[BlackTeamCountry "NED"]

1. d4 d5 2. c4 e6 3. Nc3 Nf6 4. Nf3 Nbd7 5. e3 Be7 6. Be2 O-O 7. O-O b6 8. b3 Bb7 9. Bb2 c5 10. Rc1 a6 ({RR} 10... Rc8 11. cxd5 Nxd5 12. Nxd5 Bxd5 13. Ba6 Rc7 14. Ne5 Nxe5 15. dxe5 Rd7 16. Qg4 Qa8 17. f3 Bc6 18. a4 Bd5 19. Rc3 Rfd8 20. e4 Bc6 21. Rcc1 Qb8 22. Bc3 b5 23. f4 b4 24. f5 bxc3 25. fxe6 {0-1 Gabdrakhmanov,R (2427)-Onischuk,A (2647) RUS-chT 10th Group2 2003 (4)}) 11. cxd5 exd5 12. Bd3 $146 ({RR} 12. Rc2 Re8 13. Qa1 Rc8 14. Rd1 c4 15. bxc4 dxc4 16. a4 Nd5 17. Ne5 Nxc3 18. Bxc3 b5 {½-½ Borges,L (2227)-De Souza,M (2348) Sao Paulo-ch fin 2002}) ({RR} 12. Ne5 Ne4 13. Nxe4 dxe4 14. Nxd7 Qxd7 15. dxc5 Qxd1 16. Rfxd1 Bxc5 17. Bd4 Bxd4 18. Rxd4 Rfd8 19. Rxd8+ Rxd8 20. Rc7 Rc8 21. Rxb7 Rc1+ 22. Bf1 {1-0 Goriachkina,O (1748)-Vizcarra,Q (1429) Wch U12 Girls 2022 (6)}) 12... Re8 13. dxc5 Nxc5 14. Bb1 Nfe4 15. Nd4 Bf6 16. b4 Nxc3 17. Bxc3 Ne4 18. Ba1 Rc8 19. Qd3 g6 20. Rxc8 Qxc8 21. a3 Qc4 22. Rd1 Kg7 23. Bb2 Rc8 24. f3 Nc3 25. Re1 Na4 26. Ba1 Qxd3 27. Bxd3 h5 28. Kf2 Kg8 29. Ke2 Bg7 30. Kd2 Kf8 31. Bc2 b5 32. Bxa4 bxa4 33. Rc1 Rxc1 34. Kxc1 Bxd4 35. Bxd4 Ke7 1/2-1/2

[Event "Olympiad Women 2024"]
[Site "Budapest HUN"]
[Date "2024.09.16"]
[Round "6.13"]
[Board "3"]
[White "Van Foreest, Machteld"]
[Black "Omonova, Umida"]
[Result "1-0"]
[WhiteElo "2224"]
[BlackElo "2032"]
[PlyCount "87"]
[EventDate "2024.09.11"]
[WhiteTeam "Netherlands"]
[BlackTeam "Uzbekistan"]
[WhiteTeamCountry "NED"]
[BlackTeamCountry "UZB"]

1. e4 e5 2. Nf3 Nc6 3. Bc4 Bc5 4. c3 Nf6 5. d3 a6 6. Bb3 Ba7 7. h3 d6 8. Nbd2 h6 9. Nf1 d5 ({RR} 9... Be6 10. N3h2 Qd7 11. Qf3 Bxb3 12. axb3 O-O-O 13. Ng3 d5 14. O-O dxe4 15. dxe4 Qd3 16. b4 Qxf3 17. Nxf3 Rd3 18. b5 axb5 19. Nxe5 Nxe5 20. Rxa7 Kb8 21. Ra2 Rhd8 22. Bf4 Nc4 23. b3 g5 24. Bxc7+ {0-1 Morozevich,A (2788)-Kramnik,V (2788) Moscow Tal Memorial Blitz 2008 (29)}) 10. Qe2 Qd6 ({RR} 10... dxe4 11. dxe4 O-O 12. Ng3 Be6 13. O-O Kh7 14. Bc2 Qe7 15. a4 Rad8 16. b3 Rfe8 17. a5 g6 18. b4 Ng8 19. Bd2 f6 20. Nh2 Qf7 21. h4 Bc4 22. Qe1 Bxf1 23. Nhxf1 h5 24. Rb1 Nge7 25. Bb3 {1-0 Golubev,M (2461)-Liwak,P (2342) Titled Tue 23rd Jul Early 2024 (3)}) 11. exd5 $146 ({RR} 11. Ng3 O-O 12. O-O Re8 13. Nh4 Ne7 14. Kh1 g5 15. Nhf5 Nxf5 16. Nxf5 Bxf5 17. exf5 Kg7 18. Bd2 Qd7 19. g4 d4 20. Qf3 {½-½ Mezioud,A (2079)-Latreche,S (2062) ALG-ch (Women) 2016 (5)}) ({RR} 11. Ng3 O-O 12. O-O Re8 13. Nh4 Ne7 14. Qf3 c6 15. Kh1 Kh7 16. Be3 g6 17. Bxa7 Rxa7 18. Qe3 c5 19. f4 b6 20. fxe5 Qxe5 21. Qf2 Neg8 22. exd5 Rae7 23. Rad1 Qg5 24. Ne4 Nxe4 25. dxe4 f5 {1-0 Nielsen,H (2314)-Henriksen,K (2158) Koge Xtracon op 2015 (7)}) 11... Nxd5 12. d4 e4 13. Qxe4+ Be6 14. Bxd5 Qxd5 15. Qxd5 Bxd5 16. Bf4 O-O-O 17. Ne3 Rhe8 18. O-O Be4 19. Rad1 Ne7 20. Ne5 f6 21. Nd3 Nd5 22. Nxd5 Bxd5 23. b3 g5 24. Be3 c6 25. Rfe1 f5 26. f3 Bb8 27. Bf2 Rg8 28. c4 Bf7 29. Re7 Rd7 30. Rxd7 Kxd7 31. Ne5+ Bxe5 32. dxe5+ Kc8 33. Bb6 Be6 34. Rd6 Re8 35. h4 f4 36. h5 g4 37. g3 fxg3 38. f4 Kb8 39. Kg2 Kc8 40. Kxg3 Kb8 41. Kf2 Kc8 42. Ke3 Kb8 43. Ke4 g3 44. Kf3 1-0

[Event "Olympiad Women 2024"]
[Site "Budapest HUN"]
[Date "2024.09.16"]
[Round "6.13"]
[Board "4"]
[White "Nadirjanova, Nodira"]
[Black "Kazarian, Anna-Maja"]
[Result "1-0"]
[WhiteElo "2059"]
[BlackElo "2180"]
[PlyCount "83"]
[EventDate "2024.09.11"]
[WhiteTeam "Uzbekistan"]
[BlackTeam "Netherlands"]
[WhiteTeamCountry "UZB"]
[BlackTeamCountry "NED"]

1. d4 d5 2. c4 c6 3. e3 Nf6 4. Nc3 e6 5. Nf3 Nbd7 6. Be2 Bd6 7. O-O Ne4 8. Bd3 $146 ({RR} 8. Nxe4 dxe4 9. Nd2 f5 10. c5 Bc7 11. f4 exf3 12. Nxf3 O-O 13. Bc4 Qe7 14. Qc2 Nf6 15. Qxf5 Kh8 16. Qg5 Bd7 17. Bd2 Qe8 18. Bd3 h6 19. Qg6 Qe7 20. Ne5 Be8 21. Qg3 Rd8 22. Ng6+ Bxg6 {1-0 Voloshin,L (2430)-Kozak,M (2265) CZE-ch op Nymburk 1997}) ({RR} 8. Qc2 f5 9. Rb1 O-O 10. b4 a6 11. a4 g5 12. g3 g4 13. Nh4 Nxc3 14. Qxc3 Nf6 15. f3 gxf3 16. Bxf3 Ne4 17. Bxe4 fxe4 18. Bd2 Bd7 19. c5 Bc7 20. Rxf8+ Qxf8 21. Rf1 Qh6 22. Qc1 Be8 {½-½ Dreev,A (2694)-Gelfand,B (2717) FIDE World Cup 2005 (4.5)}) ({RR} 8. Nxe4 dxe4 9. Nd2 f5 10. c5 Bc7 11. b4 Nf6 12. Nc4 Nd5 13. Qb3 Bd7 14. Ne5 O-O 15. Bd2 Be8 16. f4 exf3 17. Bxf3 Bxe5 18. dxe5 Qh4 19. e4 fxe4 20. g3 Qh3 21. Bxe4 Bg6 22. Bf3 Bh5 {0-1 Nogerbek,K (2480)-Yakubboev,N (2661) Aeroflot Open A 2024 (3.9)}) ({RR} 8. Nd2 f5 9. Ndxe4 fxe4 10. f4 O-O 11. c5 Bc7 12. b4 a6 13. a4 g5 14. Bg4 Nf6 15. Bd2 gxf4 16. exf4 Nxg4 17. Qxg4+ Kh8 18. Be3 Bd7 19. Kh1 Qf6 20. Qh5 Qg7 21. Rf2 Rf6 22. Qe2 Rh6 {½-½ Gurevich,M (2645)-Dorfman,J (2595) GMA-qual f Moscow 1990 (5)}) 8... f5 9. Ne2 Qf6 10. Ne1 O-O 11. f3 Qh4 12. g3 Nxg3 13. hxg3 Bxg3 14. Nxg3 Qxg3+ 15. Ng2 e5 16. Qe1 Qg6 17. cxd5 cxd5 18. Bd2 e4 19. Be2 Nf6 20. f4 Bd7 21. Rc1 Ng4 22. Qh4 Qb6 23. Bxg4 fxg4 24. Bc3 Rad8 25. Kf2 Rf6 26. Rh1 h6 27. Kg1 Rc8 28. Qe1 Kh7 29. Rh2 Qa6 30. a3 Bb5 31. Rh5 Qe6 32. Re5 Qd7 33. Kh2 b6 34. Rc2 Bd3 35. Rd2 Qb5 36. Qd1 g3+ 37. Kxg3 Rg6+ 38. Kh2 Qd7 39. Qh5 Bc4 40. Nh4 Rg4 41. Nf5 Rg6 42. Ne7 1-0

[Event "Olympiad Women 2024"]
[Site "Budapest HUN"]
[Date "2024.09.16"]
[Round "6.14"]
[Board "1"]
[White "Atalik, Ekaterina"]
[Black "Unuk, Laura"]
[Result "1/2-1/2"]
[WhiteElo "2381"]
[BlackElo "2316"]
[PlyCount "95"]
[EventDate "2024.09.11"]
[WhiteTeam "Turkiye"]
[BlackTeam "Slovenia"]
[BlackTeamCountry "SLO"]

1. d4 d5 2. c4 c6 3. Nf3 Nf6 4. cxd5 cxd5 5. Nc3 Nc6 6. Bf4 a6 7. e3 Bf5 8. Bd3 Bxd3 9. Qxd3 e6 10. O-O Bd6 11. Bg5 h6 ({RR} 11... Be7 12. Rac1 O-O 13. Na4 Ne4 14. Bxe7 Qxe7 15. Nc5 Nxc5 16. Rxc5 Rac8 17. Rfc1 Na7 18. Qb3 Rxc5 19. Rxc5 Rc8 20. Qb6 Rxc5 21. dxc5 Nc8 22. Qa5 f6 23. Nd4 Qd7 24. c6 bxc6 25. Qxa6 Ne7 26. Qb6 {0-1 Korchynskyi,M (2329)-Krzesaj,R (2391) Titled Tue 23rd Apr Late 2024 (4)}) 12. Bh4 O-O 13. Rfc1 Be7 $146 ({RR} 13... Rc8 14. Na4 Qa5 15. Qb3 Ne4 16. Nb6 Rc7 17. Bg3 Nxg3 18. hxg3 Bb4 19. Na4 Rfc8 20. a3 Bd6 21. Rc3 b5 22. Nc5 Qb6 23. Qa2 b4 24. Qb3 a5 25. Rac1 Qa7 26. R3c2 a4 27. Qxa4 Bxc5 28. Qxa7 {1-0 Pejovic,J (2169)-Cerovic,Z (2131) MNT-chT Cetinje 2013 (4.6)}) 14. Bxf6 Bxf6 15. Na4 Be7 16. Nc5 Bxc5 17. Rxc5 Qb6 18. Qc3 a5 19. Ne5 Nxe5 20. dxe5 f6 21. Rc1 fxe5 22. Qxe5 Rf5 23. Qd4 Raf8 24. f3 Qa6 25. Kf2 Qd6 26. Kg1 Qa6 27. R1c2 a4 28. a3 R5f7 29. Rc8 Rxc8 30. Rxc8+ Rf8 31. Rxf8+ Kxf8 32. h4 Qc6 33. Qf4+ Ke7 34. Qe5 Kf7 35. Kh2 b5 36. Qf4+ Ke7 37. Qd4 Kf7 38. Kg3 Qc4 39. Qa7+ Kf6 40. Qb8 Kf7 41. h5 Qe2 42. Qc7+ Kf8 43. Qf4+ Ke7 44. Qc7+ Kf8 45. Qd8+ Kf7 46. Qd7+ Kf6 47. Qd8+ Kf7 48. Qc7+ 1/2-1/2

[Event "Olympiad Women 2024"]
[Site "Budapest HUN"]
[Date "2024.09.16"]
[Round "6.14"]
[Board "2"]
[White "Urh, Zala"]
[Black "Yildiz Kadioglu, Betul Cemre"]
[Result "1/2-1/2"]
[WhiteElo "2251"]
[BlackElo "2314"]
[PlyCount "93"]
[EventDate "2024.09.11"]
[WhiteTeam "Slovenia"]
[BlackTeam "Turkiye"]
[WhiteTeamCountry "SLO"]

1. d4 d5 2. c4 e6 3. Nf3 a6 4. cxd5 exd5 5. Nc3 h6 6. Bf4 Nf6 7. e3 Bd6 8. Ne5 Qe7 9. Bg3 Bf5 10. Bd3 Bxd3 11. Qxd3 c6 $146 ({RR} 11... Nbd7 12. Nxd7 Qxd7 13. Be5 Ng4 14. f4 Nxe5 15. fxe5 Bb4 16. O-O Bxc3 17. bxc3 b5 18. Rf3 O-O 19. Raf1 Rae8 20. Rg3 Re6 21. Qf5 Qc6 22. h4 g6 23. h5 g5 24. Rgf3 Kg7 25. Qg4 a5 26. a3 {0-1 Gretarsson,H (2571)-Libiszewski,F (2488) Reykjavik op 2019 (8)}) 12. O-O O-O 13. Rae1 Nbd7 14. Qf5 Rfe8 15. f4 Bb4 16. Qh3 Bxc3 17. bxc3 Nxe5 18. fxe5 Ne4 19. Bh4 Qe6 20. Qxe6 fxe6 21. Rc1 b5 22. Rc2 Rf8 23. Rf3 Rf7 24. Kf1 Rc8 25. Ke2 c5 26. Be1 Rfc7 27. a3 cxd4 28. exd4 Rc4 29. Rd3 Kf7 30. Rf3+ Ke8 31. Rd3 R8c7 32. Kd1 Kf7 33. Rf3+ Kg6 34. Rc1 a5 35. Rb1 Nxc3+ 36. Bxc3 Rxc3 37. Rxb5 a4 38. Rb6 Rxf3 39. gxf3 Kf5 40. Rb4 Ra7 41. Ke2 Kf4 42. Rb6 Kf5 43. Kd3 g5 44. Rb8 Kg6 45. Rb6 Kf5 46. Rb8 Kg6 47. Rb6 1/2-1/2